00643nam a2200193Ia 4500952013100000999001700131003000400148005001700152008004100169020001800210040000900228082001800237100002700255245005100282260004500333300000900378650002000387942004200407 00102ddc40708ISLAMaMESbMEScISLd2019-02-20g200.00l0o297.63 KHA/Mp38121r2019-02-20 00:00:00w2019-02-20yBKzGL46R4 c23185d23185OSt20200320143509.0190216s9999||||xx |||||||||||||| ||und|| a9788172312251 coclc a297.63bKHA/M aKhan, Majid Ali 92133 0aMuhammad The Final Messenger /cMajid Ali Khan bIslamic Book Service,c2008.aNew Delhi: a433p aIslamic History cBK2ddch297.63iKHA/Mk297.63mKHA/M